00282nam a2200109Ia 4500008004100000041001200041100001600053245007500069260000600144650000600150700001600156221030s9999 xx 000 0 und d aEnglish aD. S. Yadav 0aMicrocontrollers - Features & Applicationcby D. S. Yadav, A. K. Singh c0 aB aA. K. Singh